000 00218nam a22000977a 4500
003 SGT
245 _aINTERNATION JOURNALS OF PHARMACY PRACTICE
260 _aUSA
_bOXFORD UNIVERSITY
_c2022
310 _a1-3
942 _2ddc
_cBV
999 _c29461
_d29461